[Event "Messina op-A 1st"]
[Site "Messina"]
[Date "2011.08.30"]
[Round "3"]
[White "Spina, Simonpietro"]
[Black "Ferrigno, Vincenzo"]
[Result "0-1"]
[WhiteElo "1805"]
[BlackElo "1789"]
[PlyCount "80"]
[EventDate "2011.08.28"]
[EventType "swiss"]
[EventRounds "9"]
[EventCountry "ITA"]
[SourceTitle "CBM 144 Extra"]
[Source "ChessBase"]
[SourceDate "2011.10.28"]
[SourceVersion "1"]
[SourceVersionDate "2011.10.28"]
[SourceQuality "1"]

1. c4 Nf6 2. Nc3 e6 3. Nf3 b6 4. g3 Bb7 5. Bg2 Bb4 6. Qb3 Bxc3 7. Qxc3 d6 8. d3 Nbd7 9. 0-0 Qc8 10. b4 0-0 11. b5 e5 12. a4 Nc5 13. a5 bxa5 14. Rxa5 a6 15. bxa6 Rxa6 16. Ba3 Rxa5 17. Qxa5 Ne6 18. Ra1 Nd7 19. Qa7 e4 20. Nd4 Nxd4 21. Qxd4 exd3 22. Bb2 f6 23. Qxd3 Bxg2 24. Kxg2 Qb7+ 25. Qd5+ Qxd5+ 26. cxd5 Nb6 27. e4 Re8 28. f3 Nxd5 29. Bd4 Nb4 30. Bc3 c5 31. Bxb4 cxb4 32. Rb1 Rb8 33. Rb3 Kf7 34. Kf2 Ke6 35. Ke3 f5 36. Kd4 fxe4 37. fxe4 g5 38. h4 g4 39. Kd3 Ke5 40. Kc4 Kxe4 0-1

[Event "Messina op-A 1st"]
[Site "Messina"]
[Date "2011.08.28"]
[Round "1"]
[White "Pisacane, Pietro"]
[Black "Ferrigno, Vincenzo"]
[Result "1/2-1/2"]
[WhiteElo "1948"]
[BlackElo "1789"]
[PlyCount "117"]
[EventDate "2011.08.28"]
[EventType "swiss"]
[EventRounds "9"]
[EventCountry "ITA"]
[SourceTitle "CBM 144 Extra"]
[Source "ChessBase"]
[SourceDate "2011.10.28"]
[SourceVersion "1"]
[SourceVersionDate "2011.10.28"]
[SourceQuality "1"]

1. d4 Nf6 2. c4 e6 3. Nf3 b6 4. Qc2 Bb7 5. Nbd2 Bb4 6. a3 Be4 7. Qb3 Ba5 8. Qe3 Bxd2+ 9. Nxd2 Bb7 10. Qd3 c5 11. e4 cxd4 12. e5 Ng4 13. Qxd4 f5 14. Nf3 Bxf3 15. gxf3 Nc6 16. Qc3 Ngxe5 17. f4 Ng4 18. Qxg7 Qf6 19. Qxf6 Nxf6 20. Be3 Rg8 21. Be2 Ng4 22. Rg1 Kf7 23. 0-0-0 Ke7 24. Bxg4 Rxg4 25. Rxg4 fxg4 26. c5 bxc5 27. Bxc5+ Ke8 28. Rg1 h5 29. f3 Rc8 30. Kd1 Ne5 31. Bxa7 Nxf3 32. Rg2 Rc4 33. Bb8 Rd4+ 34. Kc1 Ne1 35. Rg1 Nd3+ 36. Kd2 Nxb2+ 37. Kc3 Rd1 38. Rxd1 Nxd1+ 39. Kd4 Nf2 40. Bd6 Kd8 41. Ke3 Nh3 42. Kd4 Kc8 43. Ke5 Kb7 44. Be7 Nxf4 45. Kd6 Kc8 46. a4 Nd5 47. Bh4 Nc7 48. a5 Nb5+ 49. Kc5 Na7 50. a6 Kb8 51. Bg3+ Ka8 52. Kd6 Nc6 53. Kxd7 Nd4 54. Be5 Nf3 55. Kxe6 h4 56. Bd6 Nxh2 57. Kf5 g3 58. Kg5 Nf3+ 59. Kg4 1/2-1/2

[Event "Siracusa op 2nd"]
[Site "Siracusa"]
[Date "2007.09.06"]
[Round "6"]
[White "Ferrigno, Vincenzo"]
[Black "Minniti, Cristiano"]
[Result "1-0"]
[WhiteElo "1754"]
[BlackElo "1548"]
[PlyCount "99"]
[EventDate "2007.09.02"]
[EventType "swiss"]
[EventRounds "9"]
[EventCountry "ITA"]
[SourceTitle "EXT 2010"]
[Source "ChessBase"]
[SourceDate "2010.11.25"]
[SourceVersion "1"]
[SourceVersionDate "2010.11.25"]
[SourceQuality "1"]

1. e4 d5 2. e5 c5 3. c3 Bf5 4. Bb5+ Nc6 5. Nf3 e6 6. Qa4 Nge7 7. d4 a6 8. Bxc6+ Nxc6 9. 0-0 Be7 10. dxc5 Bxc5 11. Nd4 Qb6 12. Nxc6 bxc6 13. b4 Be7 14. Be3 Qb5 15. Qb3 0-0 16. Nd2 Rab8 17. Nf3 c5 18. a3 a5 19. a4 Qb7 20. b5 Qc7 21. Rfe1 Rfd8 22. Rac1 Rd7 23. Bd2 Qd8 24. h3 d4 25. cxd4 cxd4 26. g4 Bg6 27. Rc6 Ra7 28. Qc4 d3 29. Rc1 Raa8 30. Ne1 h6 31. Ng2 Bg5 32. Rd6 Qe7 33. Nf4 Qb7 34. Rc6 Qd7 35. Rc7 Qe8 36. h4 Bxh4 37. Nxg6 fxg6 38. Qxd3 Rd8 39. Qc2 Rd5 40. Be3 Kh7 41. Kg2 Rad8 42. Rh1 Be7 43. g5 Rxe5 44. gxh6 Kg8 45. hxg7 Kxg7 46. Qc3 Kf6 47. Rxe7 Kxe7 48. Qxe5 Rd5 49. Rh7+ Kd8 50. Qc7# 1-0

[Event "Siracusa op 2nd"]
[Site "Siracusa"]
[Date "2007.09.04"]
[Round "3"]
[White "Ferrigno, Vincenzo"]
[Black "Corsino, Gianluca"]
[Result "0-1"]
[WhiteElo "1754"]
[BlackElo "2004"]
[PlyCount "50"]
[EventDate "2007.09.02"]
[EventType "swiss"]
[EventRounds "9"]
[EventCountry "ITA"]
[SourceTitle "EXT 2010"]
[Source "ChessBase"]
[SourceDate "2010.11.25"]
[SourceVersion "1"]
[SourceVersionDate "2010.11.25"]
[SourceQuality "1"]

1. e4 c5 2. Nf3 d6 3. d4 cxd4 4. Nxd4 Nf6 5. f3 g6 6. c3 Nc6 7. Be3 Bg7 8. Qd2 Bd7 9. a4 0-0 10. Bc4 Rc8 11. Ba2 Na5 12. Na3 Bxa4 13. Ne6 fxe6 14. Bxe6+ Kh8 15. Bxc8 Nb3 16. Qf2 Nxa1 17. Bxb7 Qc7 18. Ba6 Nxe4 19. Qe2 Nxc3 20. bxc3 Qxc3+ 21. Kf2 Qxa3 22. Bxa7 Bc6 23. Qc4 Rxf3+ 24. gxf3 Qxf3+ 25. Ke1 Bc3+ 0-1